000 00302nam a22001337a 4500
008 230418b ||||| |||| 00| 0 eng d
041 _aSHQIP
080 _2BOTIMI I DYTE
_a004
082 _a004DIK
100 _a18
101 _aSHKI
245 _aKOMPJUTERI PER TE GJITHE
_cDIKA .A
942 _2udc
_cBK
999 _c59569
_d59569